<?xml version="1.0" encoding="UTF-8"?><?xml-stylesheet type="text/xsl" href="static/style.xsl"?><OAI-PMH xmlns="http://www.openarchives.org/OAI/2.0/" xmlns:xsi="http://www.w3.org/2001/XMLSchema-instance" xsi:schemaLocation="http://www.openarchives.org/OAI/2.0/ http://www.openarchives.org/OAI/2.0/OAI-PMH.xsd"><responseDate>2026-04-18T01:57:04Z</responseDate><request verb="GetRecord" identifier="oai:www.recercat.cat:2445/131724" metadataPrefix="marc">https://recercat.cat/oai/request</request><GetRecord><record><header><identifier>oai:recercat.cat:2445/131724</identifier><datestamp>2025-12-05T16:37:58Z</datestamp><setSpec>com_2072_1057</setSpec><setSpec>col_2072_478823</setSpec><setSpec>col_2072_478917</setSpec></header><metadata><record xmlns="http://www.loc.gov/MARC21/slim" xmlns:dcterms="http://purl.org/dc/terms/" xmlns:xsi="http://www.w3.org/2001/XMLSchema-instance" xmlns:doc="http://www.lyncode.com/xoai" xsi:schemaLocation="http://www.loc.gov/MARC21/slim http://www.loc.gov/standards/marcxml/schema/MARC21slim.xsd">
   <leader>00925njm 22002777a 4500</leader>
   <datafield ind2=" " ind1=" " tag="042">
      <subfield code="a">dc</subfield>
   </datafield>
   <datafield ind2=" " ind1=" " tag="720">
      <subfield code="a">Garra Ticó, Jordi</subfield>
      <subfield code="e">author</subfield>
   </datafield>
   <datafield ind2=" " ind1=" " tag="720">
      <subfield code="a">Graugés Pous, Eugeni</subfield>
      <subfield code="e">author</subfield>
   </datafield>
   <datafield ind2=" " ind1=" " tag="720">
      <subfield code="a">BABAR Collaboration</subfield>
      <subfield code="e">author</subfield>
   </datafield>
   <datafield ind2=" " ind1=" " tag="260">
      <subfield code="c">2019-04-08T09:14:48Z</subfield>
   </datafield>
   <datafield ind2=" " ind1=" " tag="260">
      <subfield code="c">2019-04-08T09:14:48Z</subfield>
   </datafield>
   <datafield ind2=" " ind1=" " tag="260">
      <subfield code="c">2010-03-26</subfield>
   </datafield>
   <datafield ind2=" " ind1=" " tag="260">
      <subfield code="c">2019-04-08T09:14:48Z</subfield>
   </datafield>
   <datafield ind2=" " ind1=" " tag="520">
      <subfield code="a">We report measurements of the branching fractions of neutral and charged B meson decays to final states containing a K 1 ( 1270 ) or K 1 ( 1400 ) meson and a charged pion. The data, collected with the BABAR detector at the SLAC National Accelerator Laboratory, correspond to 454 × 10 6 B ¯¯¯ B pairs produced in e + e − annihilation. We measure the branching fractions B ( B 0 → K 1 ( 1270 ) + π − + K 1 ( 1400 ) + π − ) = 3.1 + 0.8 − 0.7 × 10 − 5 and B ( B + → K 1 ( 1270 ) 0 π + + K 1 ( 1400 ) 0 π + ) = 2.9 + 2.9 − 1.7 × 10 − 5 ( &lt; 8.2 × 10 − 5 at 90% confidence level), where the errors are statistical and systematic combined. The B 0 decay mode is observed with a significance of 7.5 σ , while a significance of 3.2 σ is obtained for the B + decay mode. Based on these results, we estimate the weak phase α = ( 79 ± 7 ± 11 ) ° from the time-dependent C P asymmetries in B 0 → a 1 ( 1260 ) ± π ∓ decays.</subfield>
   </datafield>
   <datafield tag="653" ind2=" " ind1=" ">
      <subfield code="a">Física de partícules</subfield>
   </datafield>
   <datafield tag="653" ind2=" " ind1=" ">
      <subfield code="a">Experiments</subfield>
   </datafield>
   <datafield tag="653" ind2=" " ind1=" ">
      <subfield code="a">Particle physics</subfield>
   </datafield>
   <datafield tag="653" ind2=" " ind1=" ">
      <subfield code="a">Experiments</subfield>
   </datafield>
   <datafield ind2="0" ind1="0" tag="245">
      <subfield code="a">Measurement of branching fractions of B decays to K1(1270)π and K1(1400)π and determination of the CKM angle α from B0→a1(1260)±π∓</subfield>
   </datafield>
</record></metadata></record></GetRecord></OAI-PMH>